Szczegóły MARC21

Matematyka w fizyce klasycznej i kwantowej. T. 2 /

003 -Nazwa inst., której nr kontr. jest w polu 001 [,]
    • @
    • Nazwa instytucji, której n kontrolny jest w polu 001
    • NUKAT
005 -DATA I CZAS OSTATNIEJ MODYFIKACJI [,]
    • @
    • pole kontrolne
    • 20241231115734.0
040 -Instytucja sporządzająca opis [ , ]
    • a
    • Instytucja, która sporządziła opis (NP)
    • TOR U/CHIŁ
    • c
    • Instytucja, która sporządziła rekord (NP)
    • TOR U/CHIŁ
    • d
    • Instytucja, która zmodyfikowała rekord (P)
    • TOR U/AP
    • d
    • Instytucja, która zmodyfikowała rekord (P)
    • WA U/SUN
    • d
    • Instytucja, która zmodyfikowała rekord (P)
    • GL 001/JK
    • d
    • Instytucja, która zmodyfikowała rekord (P)
    • GL 001/KCHs
041 -Język dokumentu [1, ]
    • a
    • Język tekstu (P)
    • polski
    • h
    • Język tekstu oryginalnego i/lub pośredniego (P)
    • angielski
942 -Rodzaj dokumentu [ , ]
    • c
    • Rodzaj dokumentu
    • Książka
100 -Hasło główne - nazwa osobowa [1, ]
    • a
    • Nazwa osobowa (NP)
    • Byron, Frederick William.
    • 9
    • KHW
    • 458637
240 -Tytuł ujednolicony [1,0]
    • a
    • Tytuł ujednolicony
    • Mathematics of classical and quantum physics
    • l
    • Język tekstu
    • (pol.)
    • 9
    • KHW
    • 458641
245 -Strefa tytułu i oznaczenia odpowiedzialności [1,0]
    • a
    • Tytuł
    • Matematyka w fizyce klasycznej i kwantowej. Find
    • n
    • Oznaczenie części (P)
    • T. 2 /
    • c
    • Pozostałe elementy strefy tytułu i oznaczenia odpowiedzialności (NP)
    • Frederick W. Byron, Robert W. Fuller ; [tł. z jęz. ang. Andrzej Pindor i Andrzej Szymacha].
260 -Strefa adresu wydawniczego [ , ]
    • a
    • Miejsce wydania (P)
    • Warszawa :
    • b
    • Nazwa wydawcy (P)
    • Państwowe Wydawnictwo Naukowe,
    • c
    • Data wydania (P)
    • 1974.
300 -Strefa opisu fizycznego [ , ]
    • a
    • Określenie formy książki i/lub objętość (NP)
    • 341, [2] s. :
    • b
    • Oznaczenie ilustracji (NP)
    • il., err. ;
    • c
    • Format (NP)
    • 24 cm.
336 -Typ zawartości [ , ]
    • a
    • Termin opisujący typ zawartości
    • Tekst
    • b
    • Kod określający zawartość
    • txt
    • 2
    • Źródło (terminu i kodu)
    • rdacontent
337 -Typ mediów [ , ]
    • a
    • Tryb odtwarzania
    • Bez urządzenia pośredniczącego
    • b
    • Kod typu mediów
    • n
    • 2
    • Źródło (terminu i kodu)
    • rdamedia
338 -Typ/rodzaj nośnika [ , ]
    • a
    • Hasło opisujące typ nośnika
    • Wolumin
    • b
    • Kod typu nośnika
    • nc
    • 2
    • Źródło (terminu i kodu)
    • rdacarrier
504 -Uwaga dot. bibliogr. załącznikowej [ , ]
    • a
    • Uwaga dot. bibliografii załącznikowej
    • Bibliogr. przy rozdz. Indeks.
650 -Hasło przedmiotowe [ ,7]
    • a
    • Hasło przedmiotowe
    • Fizyka matematyczna.
    • 2
    • Źródło terminu
    • kaba
    • 9
    • KHW
    • 108912
650 -Hasło przedmiotowe [ ,7]
    • a
    • Hasło przedmiotowe
    • Teoria kwantowa
    • x
    • Określnik rzeczowy
    • matematyka.
    • 2
    • Źródło terminu
    • kaba
    • 9
    • KHW
    • 458584
700 -Hasło dodatkowe - nazwa osobowa [1, ]
    • a
    • Nazwa osobowa (NP)
    • Fuller, Robert W. Find
    • 9
    • KHW
    • 458638
700 -Hasło dodatkowe - nazwa osobowa [1, ]
    • a
    • Nazwa osobowa (NP)
    • Pindor, Andrzej. Find
    • e
    • Określenie rodzaju współpracy
    • Tł.
    • 9
    • KHW
    • 53445
700 -Hasło dodatkowe - nazwa osobowa [1, ]
    • a
    • Nazwa osobowa (NP)
    • Szymacha, Andrzej Find
    • d
    • Daty biograficzne (NP)
    • (19..-2019).
    • e
    • Określenie rodzaju współpracy
    • Tł.
    • 9
    • KHW
    • 60797
710 -Hasło dodatkowe - nazwa ciała zbiorowego [2, ]
    • a
    • Nazwa ciała zbiorowego lub nazwa geograficzna jako pierwszy element (NP)
    • Państwowe Wydawnictwo Naukowe (1951-1992).
    • 4
    • Kod relacji
    • pbl
    • 9
    • KHW
    • 52048
Status udost. Numer inwentarzowy Lokalizacja Data inwentaryzacji Sygnatura
1N.10511BG  
-3W.28799BG2006-01-03W.20578
-3W.28802BG2006-01-03W.20578
-3W.29522BG2006-01-03W.20578
1N.18783BG2006-02-08 
1N.18784BG2006-02-08 
-6W.28798BG2006-01-03W.20578
2W.28800BG2006-01-03W.20578
2W.28801BG2006-01-03W.20578
2W.29523BG2006-01-03W.20578
2W.29524BG2006-01-03W.20578
-6W.29525BG2006-01-03W.20578
-6W.37970BG2006-01-03W.20578
2W.37971BG2006-01-03W.20578
1Z.12347BG2006-01-03Z.9606